Mitos leyendas de los mayas / (Registro nro. 3770)

Detalles MARC
000 -LEADER
fixed length control field 01166nam a2200241Ia 4500
003 - CONTROL NUMBER IDENTIFIER
control field OSt
005 - DATE AND TIME OF LATEST TRANSACTION
control field 20200624142415.0
008 - FIXED-LENGTH DATA ELEMENTS--GENERAL INFORMATION
fixed length control field 191128t2008 sp a gr 000 j spa d
020 ## - INTERNATIONAL STANDARD BOOK NUMBER
International Standard Book Number 9788496975040
040 ## - CATALOGING SOURCE
Original cataloging agency CO-JMCR
Transcribing agency CO-JMCR
041 ## - LANGUAGE CODE
Language code of text/sound track or separate title spa
082 04 - DEWEY DECIMAL CLASSIFICATION NUMBER
Classification number LM /
Item number AYAm
100 1# - MAIN ENTRY--PERSONAL NAME
Personal name Ayala , R.R,
Relator term autor
9 (RLIN) 6086
245 10 - TITLE STATEMENT
Title Mitos leyendas de los mayas /
Statement of responsibility, etc. R.R. Ayala
250 ## - EDITION STATEMENT
Edition statement Primera edición
260 ## - PUBLICATION, DISTRIBUTION, ETC.
Place of publication, distribution, etc. Barcelona :
Name of publisher, distributor, etc. Ediciones Brontes,
Date of publication, distribution, etc. ©2008
300 ## - PHYSICAL DESCRIPTION
Extent 187 páginas :
Other physical details ilustraciones a blanco y negro,
Dimensions 20 cm.
500 ## - GENERAL NOTE
General note Incluye biografia en la página 185
505 ## - FORMATTED CONTENTS NOTE
Formatted contents note Introducción -- Los primitivos Nmayas -- la gran familia de los mayas -- Cazadores primitivos -- Un sacrificio más reciente -- Los lacandones y el canibalismo -- La ofrenda de la sangre -- Los altares del sacrificio -- las víctimas se rebelaron -- La veng
520 ## - SUMMARY, ETC.
Summary, etc. Los pueblos mayas establecidos en la península centroamericana del Yucatán y territorios vecinos, alcanzaron probablemente e más alto grado de civilazacíon de los pueblos precolombinos, influyendo descisivamente en el mundo azteca.
650 14 - SUBJECT ADDED ENTRY--TOPICAL TERM
Topical term or geographic name entry element Mitos y leyendas
9 (RLIN) 6087
942 ## - ADDED ENTRY ELEMENTS (KOHA)
Source of classification or shelving scheme Dewey Decimal Classification
Koha item type Books
Existencias
Withdrawn status Lost status Source of classification or shelving scheme Damaged status Not for loan Collection code Home library Current library Date acquired Source of acquisition Cost, normal purchase price Total Checkouts Full call number Barcode Date last seen Date last checked out Copy number Koha item type
    Dewey Decimal Classification     Fiction Biblioteca Pública José María del Castillo y Rada Biblioteca Pública José María del Castillo y Rada 11/28/2019 Donación 0.00 4 LM / AYAm 201808077 01/30/2025 01/29/2025 Ej .1 Books